Vista normal Vista MARC

Entrada Materia (personas)

Número de registros utilizados en: 1

001 - CONTROL NUMBER

  • control field: 63528

003 - CONTROL NUMBER IDENTIFIER

  • control field: Co-BoUCM

005 - DATE AND TIME OF LATEST TRANSACTION

  • control field: 20140801170625.0

008 - FIXED-LENGTH DATA ELEMENTS

  • fixed length control field: 140801|| aca||aabn | a|a d

040 ## - CATALOGING SOURCE

  • Original cataloging agency: Co-BoUCM
  • Transcribing agency: Co-BoUCM

100 ## - HEADING--PERSONAL NAME

  • Personal name: McCausland, Ernesto
  • Relator term: director

670 ## - SOURCE DATA FOUND

  • Source citation: Work cat.: (Co-BoUCM)47618: El último Carnaval, 1988